[Event "Steinfurt Bezirksliga 1516"]
[Site "Germany"]
[Date "2015.11.28"]
[Round "3.1"]
[White "Santos Brito, Daniel"]
[Black "Potalujew, Sergej"]
[Result "1-0"]
[WhiteElo "1948"]
[BlackElo "1681"]
[PlyCount "103"]
[EventDate "2015.09.19"]
[EventType "team-tourn"]
[EventRounds "9"]
[EventCountry "GER"]
[SourceTitle "EXT 2017"]
[Source "ChessBase"]
[SourceDate "2016.10.25"]
[SourceVersion "1"]
[SourceVersionDate "2016.10.25"]
[SourceQuality "1"]
[WhiteTeam "Neuenkirchen II"]
[BlackTeam "Ibbenbueren II"]
[WhiteTeamCountry "GER"]
[BlackTeamCountry "GER"]

1. e4 c6 2. d4 d5 3. Nc3 dxe4 4. Nxe4 Bf5 5. Ng3 Bg6 6. Nf3 Nd7 7. h4 h6 8. Bc4 e6 9. h5 Bh7 10. Qe2 Ngf6 11. 0-0 Bd6 12. Ne5 Bxe5 13. dxe5 Nd5 14. c3 Qc7 15. Re1 0-0-0 16. Bxd5 cxd5 17. f4 Nc5 18. Be3 Kb8 19. Red1 Ne4 20. Nf1 Qc4 21. Qf3 Qb5 22. Bd4 g5 23. hxg6 Bxg6 24. Qe3 a6 25. b4 Bh5 26. a4 Qe2 27. Re1 Qxe3+ 28. Nxe3 Rhg8 29. Kh2 Nd2 30. Bc5 Ne4 31. Bd4 Nd2 32. Ra2 Nb3 33. Bb6 Rc8 34. b5 a5 35. Rc2 Bg6 36. f5 exf5 37. Nxd5 f4 38. Rf2 Rc4 39. Rxf4 Rxf4 40. Nxf4 Bf5 41. Nd5 Be6 42. Nc7 Rc8 43. Nxe6 fxe6 44. Re3 Nc5 45. Bxa5 Nxa4 46. Rh3 Rc5 47. Bb4 Rxb5 48. Rxh6 Nc5 49. g4 Kc8 50. g5 Kd8 51. g6 Ke7 52. Rh8 1-0